| 000 | 00539nam a2200193 a 4500 | ||
|---|---|---|---|
| 001 | 1771063879519 | ||
| 003 | YourLibrary | ||
| 005 | 20260214154421.0 | ||
| 008 | 260214s2005##################000#0#eng## | ||
| 020 | _a9780300108965 | ||
| 082 | 0 | 4 |
_a307.7209 _bPIC |
| 100 | 1 |
_aFriedman, Professor Edward, _eauthor. |
|
| 245 | 1 | 0 | _aRevolution, Resistance, and Reform in Village China : |
| 260 |
_bYale University Press, _c2005. |
||
| 300 | _a380 pages | ||
| 650 | 0 | _aHistory. | |
| 942 | _cENGLISH | ||
| 040 |
_aYourLibrary _beng _cYourLibrary |
||
| 999 |
_c612450 _d612450 |
||